Gaming Quiz

Random Gaming or Video Games Quiz
Score 0/20 Timer 05:00
3 Plays Today
Hint Answer % Correct
PikachuPikachu
96.5%
EeveeEevee
88%
PsyduckPsyduck
87.1%
MagikarpMagikarp
84.9%
RaichuRaichu
83.6%
RattataRattata
83.3%
AbraAbra
82.9%
EkansEkans
82.1%
PidgeyPidgey
81.1%
GengarGengar
79.9%
Hint Answer % Correct
WeedleWeedle
79.8%
GolbatGolbat
78.7%
KoffingKoffing
77.4%
VulpixVulpix
77.3%
DratiniDratini
76.1%
MagnemiteMagnemite
72.7%
TogepiTogepi
71%
VenonatVenonat
70.9%
ChikoritaChikorita
64.7%
LarvitarLarvitar
55.9%
Remove Ads.
Support Sporcle.
Get the best of Sporcle when you Go Orange. This ad-free experience offers more features, more stats, and more fun while also helping to support Sporcle. Thank you for becoming a member.

You're not logged in!

Compare scores with friends on all Sporcle quizzes.
OR
Log In

Show Comments

Extras

Top Quizzes Today


Score Distribution

Your Account Isn't Verified!

In order to create a playlist on Sporcle, you need to verify the email address you used during registration. Go to your Sporcle Settings to finish the process.

Report this User

Report this user for behavior that violates our Community Guidelines.

Details: